000 00834nam a2200229Ii 4500
003 JO-AjNU
008 230605s9999||||xx |||||||||||||| ||und||
017 _a2018/8/4273
020 _a978-9957-687-48-9
040 _aJO-AjNU
_bara
_erda
_cJO-AjNU
041 _aara
050 1 4 _aHF5655.A7.A25 2019
100 3 _aالاعاجيبي، عقيل دخيل كريم ؛م. مشارك وعد هادي عبد الحساني,
_eauthor
_961480
245 0 0 _aمحاسبة الوحدات غير الربحية =Non-profil organization Accounting
250 _aط1
264 3 1 _aعمان: دار الصفاء للنشر،2018
300 _a218ص
336 _atext
_btxt
_2rdacontent
337 _aunmediated
_bn
_2rdamedia
338 _avolume
_bnc
_2rdacarrier
650 4 _aالمحاسبة - المنشات- الجمعيات
_961481
999 _aA27792
_c31360
_d31360